Manual de contabilidad gubernamental/ (Registro nro. 9936)

Detalles MARC
000 -LEADER
fixed length control field 01125nam a2200205Ia 4500
005 - FECHA Y HORA DE LA ÚLTIMA TRANSACCIÓN
control field 20231024152740.0
008 - FIXED-LENGTH DATA ELEMENTS--GENERAL INFORMATION
fixed length control field 231024s9999 xx 000 0 und d
020 ## - INTERNATIONAL STANDARD BOOK NUMBER
International Standard Book Number 978-987-03-1704-3
040 ## - CATALOGING SOURCE
Original cataloging agency UPAN
Transcribing agency Biblioteca San Vicente
Description conventions RCAA2
041 ## - LANGUAGE CODE
Language code of text/sound track or separate title spa
082 ## - DEWEY DECIMAL CLASSIFICATION NUMBER
Classification number 657.083 5
Item number E44m
año de publicación 2010
100 ## - MAIN ENTRY--PERSONAL NAME
Personal name Ale, Miguel Ángel
Relator code aut.
245 #0 - TITLE STATEMENT
Title Manual de contabilidad gubernamental/
Statement of responsibility, etc Miguel Ángel Ale
250 ## - EDITION STATEMENT
Edition statement 5° ed.
260 ## - PUBLICATION, DISTRIBUTION, ETC. (IMPRINT)
Place of publication, distribution, etc Buenos Aires:
Name of publisher, distributor, etc La Ley,
Date of publication, distribution, etc 2010
300 ## - PHYSICAL DESCRIPTION
Extent 394 p.;
Dimensions 24 cm.
505 ## - FORMATTED CONTENTS NOTE
Formatted contents note Titulo I. Introducciòn al estudio de la Contaduría Pùblica, Titulo II. Previsiòn. Reconocimiento y autorizaciòn legislativa de los gastos. Càlculos de recursos, Titulo III. Ejecuciòn del presupuesto, Titulo IV. Servicio del tesoro, Titulo V. Administraciòn econòmica, Titulo VI. Registro contable de las operaciones(Control escritural), Titulo VII. De las formas de asegurar la responsabilidad de los agentes de la administraciòn, Titulo VIII. El control parlamentario en su fase crìtica, Titulo IX. Descentralizaciòn administrativa
650 ## - SUBJECT ADDED ENTRY--TOPICAL TERM
Source of heading or term LEMB
Topical term or geographic name as entry element Contabilidad
Form subdivision Manual
942 ## - ADDED ENTRY ELEMENTS (KOHA)
Koha item type Libros
Source of classification or shelving scheme Dewey Decimal Classification
Existencias
Withdrawn status Lost status Source of classification or shelving scheme Damaged status Not for loan Collection code Home library Current library Date acquired Total Checkouts Full call number Barcode Date last seen Copy number Price effective from Koha item type
    Dewey Decimal Classification     Referencia Biblioteca UPAN San Vicente Biblioteca UPAN San Vicente 24/10/2023   657.083 5 E44m 12003016 24/10/2023 01 24/10/2023 Referencia
    Dewey Decimal Classification     Referencia Biblioteca UPAN San Vicente Biblioteca UPAN San Vicente 24/10/2023   657.083 5 E44m 12003017 24/10/2023 02 24/10/2023 Referencia
    Dewey Decimal Classification     Referencia Biblioteca UPAN San Vicente Biblioteca UPAN San Vicente 24/10/2023   657.083 5 E44m 12003018 24/10/2023 03 24/10/2023 Referencia